Un buen rato de teatro /

Guardado en:
Autor Principal: Basch, Adela
Otros Autores: Starkoff, Vanina; il.
Formato: Libro
Publicado: Buenos Aires : Crecer Creando, 2013
Series:Mar de papel / Mario Méndez
Materias:
Etiquetas: Agregar Etiqueta
Sin Etiquetas, Sea el primero en etiquetar este registro!
LEADER 00809nam a22002655a 4500
001 CEM.cems015462
005 20191206180433.0
008 130507s2013##################000#0#####d
003 CEMS
020 |a 9789879197608 
082 0 4 |a A862.4 
100 1 |a Basch, Adela 
245 1 0 |a Un buen rato de teatro /  |c Adela Basch ; ilustrado Por Vanina Starkoff 
260 |a Buenos Aires :  |b Crecer Creando,  |c 2013 
300 |a 96 p. 
490 0 |a Mar de papel / Mario Méndez 
653 |a Literatura 
653 |a Literatura argentina 
653 |a Literatura infantil 
653 |a Cuentos infantiles 
653 |a Colección ciencias de la educación 
653 |a Teatro 
653 |a Teatro infantil 
700 1 |a Starkoff, Vanina; il. 
859 |a CEMS  |b BIB. CEMS - Ccias. Educacion  |h A862.4  |i B290-5  |k CE  |p 28898.19  |t Ej.1